Nombres de logos - Estadísticas

Estadísticas generales
  • Esta prueba ha sido intentada 67 veces
  • La puntuación promedio es 11 de 28
Estadísticas de respuestas
Imagen Respuesta % Correcto
Mastercard
95%
Peugeot
93%
Shell
88%
Airbnb
86%
Alcampo
72%
Huawei
65%
Heineken
61%
Bp
60%
Frigo
60%
Camel
58%
Bacardi
54%
Scalpers
53%
Wender Bremen
42%
Sanitas
40%
Playmobil
39%
Stradivarius
37%
Johnnie Walker
33%
Prosegur
32%
New Era
21%
Castore
16%
Burberry
12%
Moulinex
11%
Balearia
7%
Brugal
7%
Codere
7%
Bogart Badass
2%
Binter
0%
PERRACHICA
0%
No se encontraron pruebas coincidentes
Distribución de puntuación
Porcentaje de gente con cada puntuación
Porcentaje por número respondido
Historial de tus puntuaciones
No has intentado esta prueba.